<?xml version="1.0" encoding="UTF-8"?>
<record
    xmlns:xsi="http://www.w3.org/2001/XMLSchema-instance"
    xsi:schemaLocation="http://www.loc.gov/MARC21/slim http://www.loc.gov/standards/marcxml/schema/MARC21slim.xsd"
    xmlns="http://www.loc.gov/MARC21/slim">

  <leader>00685nam a22001577a 4500</leader>
  <controlfield tag="003">OSt</controlfield>
  <controlfield tag="005">20151201093354.0</controlfield>
  <controlfield tag="008">151201b        xxu||||| |||| 00| 0 eng d</controlfield>
  <datafield tag="040" ind1=" " ind2=" ">
    <subfield code="c">RUA</subfield>
  </datafield>
  <datafield tag="082" ind1=" " ind2=" ">
    <subfield code="a">FIS SOM 2000 B172 Or.1</subfield>
  </datafield>
  <datafield tag="100" ind1=" " ind2=" ">
    <subfield code="9">4049</subfield>
    <subfield code="a">SOM, PISETH.</subfield>
  </datafield>
  <datafield tag="245" ind1=" " ind2=" ">
    <subfield code="a">fattering of mud crab in semi-intensive in khan prey nup, sihanouk ville (&#x1780;&#x17B6;&#x179A;&#x1785;&#x17B7;&#x1789;&#x17D2;&#x1785;&#x17B9;&#x1798;&#x1794;&#x17C6;&#x1794;&#x17C9;&#x1793;&#x1780;&#x17D2;&#x178F;&#x17B6;&#x1798;&#x1790;&#x17D2;&#x1798;&#x178F;&#x17B6;&#x1798;&#x1794;&#x17C2;&#x1794;&#x1796;&#x17B6;&#x1780;&#x17CB;&#x1780;&#x178E;&#x17D2;&#x178F;&#x17B6;&#x179B;&#x1794;&#x17D2;&#x179A;&#x1796;&#x179B;&#x179C;&#x1794;&#x17D2;&#x1794;&#x1780;&#x1798;&#x17D2;&#x1798; &#x1780;&#x17D2;&#x1793;&#x17BB;&#x1784;&#x1781;&#x17D0;&#x178E;&#x17D2;&#x178C;&#x1796;&#x17D2;&#x179A;&#x17C3;&#x1793;&#x1794;&#x17CB; &#x1780;&#x17D2;&#x179A;&#x17BB;&#x1784;&#x1796;&#x17D2;&#x179A;&#x17C7;&#x179F;&#x17B8;&#x17A0;&#x1793;&#x17BB;)</subfield>
  </datafield>
  <datafield tag="260" ind1=" " ind2=" ">
    <subfield code="a">Phnom Penh</subfield>
    <subfield code="b">RUA</subfield>
    <subfield code="c">2000</subfield>
  </datafield>
  <datafield tag="300" ind1=" " ind2=" ">
    <subfield code="a">73p.</subfield>
    <subfield code="b">ill.</subfield>
    <subfield code="c">29cm.</subfield>
  </datafield>
  <datafield tag="942" ind1=" " ind2=" ">
    <subfield code="2">ddc</subfield>
    <subfield code="c">FIS</subfield>
  </datafield>
  <datafield tag="999" ind1=" " ind2=" ">
    <subfield code="c">3768</subfield>
    <subfield code="d">3768</subfield>
  </datafield>
  <datafield tag="952" ind1=" " ind2=" ">
    <subfield code="0">0</subfield>
    <subfield code="1">0</subfield>
    <subfield code="2">ddc</subfield>
    <subfield code="4">0</subfield>
    <subfield code="6">FIS_SOM_2000_000000000000000_B172_OR_1</subfield>
    <subfield code="7">0</subfield>
    <subfield code="9">18961</subfield>
    <subfield code="a">LBB</subfield>
    <subfield code="b">LBB</subfield>
    <subfield code="c">B172</subfield>
    <subfield code="d">2015-12-01</subfield>
    <subfield code="l">1</subfield>
    <subfield code="o">FIS SOM 2000 B172 Or.1</subfield>
    <subfield code="p">RUA027629</subfield>
    <subfield code="r">2024-05-30</subfield>
    <subfield code="s">2024-05-08</subfield>
    <subfield code="w">2015-12-01</subfield>
    <subfield code="y">FIS</subfield>
  </datafield>
  <datafield tag="952" ind1=" " ind2=" ">
    <subfield code="0">0</subfield>
    <subfield code="1">0</subfield>
    <subfield code="2">ddc</subfield>
    <subfield code="4">0</subfield>
    <subfield code="6">FIS_SOM_2000_000000000000000_B172_OR_2</subfield>
    <subfield code="7">0</subfield>
    <subfield code="9">18962</subfield>
    <subfield code="a">LBB</subfield>
    <subfield code="b">LBB</subfield>
    <subfield code="c">B172</subfield>
    <subfield code="d">2015-12-01</subfield>
    <subfield code="l">3</subfield>
    <subfield code="o">FIS SOM 2000 B172 Or.2</subfield>
    <subfield code="p">RUA026145</subfield>
    <subfield code="r">2024-08-22</subfield>
    <subfield code="s">2024-08-03</subfield>
    <subfield code="w">2015-12-01</subfield>
    <subfield code="y">FIS</subfield>
  </datafield>
  <datafield tag="952" ind1=" " ind2=" ">
    <subfield code="0">0</subfield>
    <subfield code="1">0</subfield>
    <subfield code="2">ddc</subfield>
    <subfield code="4">0</subfield>
    <subfield code="6">FIS_SOM_2000_000000000000000_B172_OR_3</subfield>
    <subfield code="7">0</subfield>
    <subfield code="9">18963</subfield>
    <subfield code="a">LBB</subfield>
    <subfield code="b">LBB</subfield>
    <subfield code="c">B172</subfield>
    <subfield code="d">2015-12-01</subfield>
    <subfield code="l">7</subfield>
    <subfield code="o">FIS SOM 2000 B172 Or.3</subfield>
    <subfield code="p">RUA027845</subfield>
    <subfield code="r">2024-12-13</subfield>
    <subfield code="s">2024-11-20</subfield>
    <subfield code="w">2015-12-01</subfield>
    <subfield code="y">FIS</subfield>
  </datafield>
  <datafield tag="952" ind1=" " ind2=" ">
    <subfield code="0">0</subfield>
    <subfield code="1">0</subfield>
    <subfield code="2">ddc</subfield>
    <subfield code="4">0</subfield>
    <subfield code="6">FIS_SOM_2000_000000000000000_B172_OR_4</subfield>
    <subfield code="7">0</subfield>
    <subfield code="9">18964</subfield>
    <subfield code="a">LBB</subfield>
    <subfield code="b">LBB</subfield>
    <subfield code="c">B172</subfield>
    <subfield code="d">2015-12-01</subfield>
    <subfield code="o">FIS SOM 2000 B172 Or.4</subfield>
    <subfield code="p">RUA026217</subfield>
    <subfield code="r">2015-12-01</subfield>
    <subfield code="w">2015-12-01</subfield>
    <subfield code="y">FIS</subfield>
  </datafield>
  <datafield tag="952" ind1=" " ind2=" ">
    <subfield code="0">0</subfield>
    <subfield code="1">0</subfield>
    <subfield code="2">ddc</subfield>
    <subfield code="4">0</subfield>
    <subfield code="6">FIS_SOM_2000_000000000000000_B172_OR_5</subfield>
    <subfield code="7">0</subfield>
    <subfield code="9">18965</subfield>
    <subfield code="a">LBB</subfield>
    <subfield code="b">LBB</subfield>
    <subfield code="c">B172</subfield>
    <subfield code="d">2015-12-01</subfield>
    <subfield code="o">FIS SOM 2000 B172 Or.5</subfield>
    <subfield code="p">RUA027773</subfield>
    <subfield code="r">2015-12-01</subfield>
    <subfield code="w">2015-12-01</subfield>
    <subfield code="y">FIS</subfield>
  </datafield>
  <datafield tag="952" ind1=" " ind2=" ">
    <subfield code="0">0</subfield>
    <subfield code="1">0</subfield>
    <subfield code="2">ddc</subfield>
    <subfield code="4">0</subfield>
    <subfield code="6">FIS_SOM_2000_000000000000000_B172_OR_6</subfield>
    <subfield code="7">0</subfield>
    <subfield code="9">18966</subfield>
    <subfield code="a">LBB</subfield>
    <subfield code="b">LBB</subfield>
    <subfield code="c">B172</subfield>
    <subfield code="d">2015-12-01</subfield>
    <subfield code="o">FIS SOM 2000 B172 Or.6</subfield>
    <subfield code="p">RUA027761</subfield>
    <subfield code="r">2015-12-01</subfield>
    <subfield code="w">2015-12-01</subfield>
    <subfield code="y">FIS</subfield>
  </datafield>
</record>
